Zahraničnoobchodná spolupráca Argentíny a Európskej únie so zameraním na Slovenskú republiku diplomová práca

Gespeichert in:
Bibliographische Detailangaben
1. Verfasser: Kadlečíková, Dáša
Körperschaft: Obchodná fakulta EU. Katedra medzinárodného obchodu
Weitere Verfasser: Kašťáková, Elena, 1974-
Format: Buch
Sprache:Slowakisch
Veröffentlicht: Bratislava 2009
Tags: Tag hinzufügen
Keine Tags, Fügen Sie das erste Tag hinzu!

MARC

LEADER 00000nam$a2200000$$$4500
001 0100773
005 20240318133953.7
041 0 |a slo 
044 |a SK 
245 1 0 |a Zahraničnoobchodná spolupráca Argentíny a Európskej únie so zameraním na Slovenskú republiku  |b diplomová práca  |c Dáša Kadlečíková ; škol. Elena Kašťáková 
264 1 |a Bratislava  |c 2009 
300 |a 76 s. 
100 1 |a Kadlečíková, Dáša 
700 1 |a Kašťáková, Elena, 1974- 
710 2 |a Obchodná fakulta EU. Katedra medzinárodného obchodu